| 000 | 00789cam a22002412 4500 | ||
|---|---|---|---|
| 001 | 0000005211 | ||
| 005 | 20151217151956.0 | ||
| 008 | 070608s xx 000 0 eng d | ||
| 020 |
_a0072367555 : _cKES 7,450 |
||
| 040 |
_aKABU _cKABU |
||
| 050 | 0 |
_aTK5105.875 _b.I57G74 2002 |
|
| 100 | 1 |
_aGreenlaw, Raymond. _@0000156368 |
|
| 245 | 1 | 0 |
_aIn-line/on-line : _bfundamentals of the internet and the World Wide Web / _cRaymond Greenlaw, Ellen Hepp. |
| 250 | _a2nd ed. | ||
| 260 |
_aBoston : _bWCB/McGraw-Hill, _cc1999. |
||
| 300 | _axxiv, 696 p. | ||
| 650 | _aInternet | ||
| 650 | 0 |
_aWorld wide web (Information retrieval system) _@0000151347 |
|
| 700 | 1 |
_aHepp, Ellen. _@0000156369 |
|
| 908 | _a070608 | ||
| 950 | _@1 | ||
| 999 |
_c6916 _d6916 |
||